000 00487nam a2200181 a 4500
001 3030
005 20140414131854.0
008 060131s19uu xx 00 eng d
020 _a0-439-97739-8
050 _aM 808.882
_bB99 2003
100 _aByrne, John
245 _aMonster mania /
_cJohn Byrne.
260 _aNew York :
_bScholastic,
_c2003.
300 _a96 p. ; ill.
440 _aJoke Busters
650 _aJokes, quotations, epigrams, anecdotes, graffiti
999 _c110368
_d110368